000 00316nam a22001457a 4500
008 230530b ||||| |||| 00| 0 eng d
020 _a372097
041 _aFRA
080 _a82
082 _a82KEN
100 _a38
101 _aGJL
245 _aL'HOMME QUI VOULAIT VIVRE SA VIE
_cKENNEDY .D
942 _2udc
_cBK
999 _c59875
_d59875